• 首页
  • 本馆介绍
  • 公告通知
  • 最新文献
  • 馆藏检索
  • 电子资源
  • 读者导购
  • 参考咨询
  • 我的图书馆
  • 登录
  • 详细信息显示
  • 放入我的书架
  • 预约/预借图书
  • 作者相关作品
  • 分类相关作品
  • 丛书相关作品
  • 出版社相关作品

书目信息

  • 表格格式
  • 工作单格式
  • 卡片格式
题名:
论民族语言调查研究
    
 
作者: 傅懋勣 , 傅懋勣 著
分册:  
出版信息: 北京   语文出版社  1998
页数: 254页
开本: 20cm
丛书名:
单 册:
中图分类: H2
科图分类:
主题词: 民族语言--调查研究--中国
电子资源:
ISBN: 7-80126-175-5
000 00959nam0 2200313 450
000 00922nam0 2200301 450
000 00886nam0 2200289 450
000 00876nam0 2200301 450
000 00822nam0 2200277 450
000 00818nam0 2200265 450
000 00781nam0 2200253 45
001 0198035666
005 20061227172530.60
010    @a7-80126-175-5@dCNY19.00
100    @a19980630d1998 kemy0chiy0121 ea
101 0  @achi
102    @aCN@b110000
105    @ay z 000yy
200 10 @a论民族语言调查研究@Alun min zu yu yan diao cha yan jiu@f傅懋勣著@Ffu mao ji zhu
210    @a北京@c语文出版社@d1998
215    @a254页@d20cm
606    @a民族语言@x调查研究@y中国
690    @aH2@v4
701  0 @a傅懋勣@Afu mao ji@4著
701  0 @a傅懋勣@Afu mao ji@4著
801  0 @aCN@b中图数据@c20061227
905    @a10447@dH2@e14
    
    论民族语言调查研究/傅懋勣著.-北京:语文出版社,1998
    254页;20cm
    
    
    ISBN 7-80126-175-5:CNY19.00
    
●
相关链接 在E读中查询图书 在五车中查询图书 在当当中查询图书 在豆瓣中查询图书


正题名:论民族语言调查研究     索取号:H2/14         预约/预借

序号 登录号 条形码 馆藏地/架位号 状态 备注
1 0617118   206171186   第二样本阅览室/ [索取号:H2/14] 在馆    
2 0617119   206171195   第四借阅区/ [索取号:H2/14] 在馆    
3 0617120   206171202   第四借阅区/ [索取号:H2/14] 在馆    
唐山师范学院图书馆 欢迎您!
大连网信软件有限公司© 版权所有